| 000 | 00729nam a2200181Ia 4500 | ||
|---|---|---|---|
| 008 | 090630s9999 xx 000 0 und d | ||
| 082 | _b26643 | ||
| 100 | _aलोटलीकर रसिका. | ||
| 245 |
_aचला अष्टविनायकाची भ्रमंती. _cलोटलीकर रसिका. |
||
| 260 |
_bहर्ष - वसई. _c2003 |
||
| 300 | _a100 | ||
| 600 | _aलोटलीकर रसिका. | ||
| 630 | _aचला अष्टविनायकाची भ्रमंती. | ||
| 655 | _aप्रवास. | ||
| 700 | _aलोटलीकर रसिका. | ||
| 730 | _aचला अष्टविनायकाची भ्रमंती. | ||
| 942 | _cBOOK | ||
| 999 |
_c278499 _d278499 |
||